Stephen Hawking Bibliography - Statistics

General Stats
  • This quiz has been taken 5 times
  • The average score is 5 of 54
Answer Stats
Type Year Name % Correct
Non-Fiction Book 1988 A Brief History of Time: From the Big Bang to Black Holes
75%
Documentary 2007 Stephen Hawking and the Theory of Everything
75%
Film 2014 The Theory of Everything
75%
Documentary 1991 A Brief History of Time
50%
Non-Fiction Book 2005 A Briefer History of Time
25%
Non-Fiction Book 2018 Brief Answers to the Big Questions
25%
TV Film 2004 Hawking
25%
Documentary 2013 Hawking
25%
Documentary 1997 Stephen Hawking's Universe
25%
TV Show 2012, 2014-2015, 2017 The Big Bang Theory
25%
Non-Fiction Book 2001 The Universe in a Nutshell
25%
Essay 1993 A Brief History of A Brief History
0%
Academic Work 2018 A Smooth Exit from Eternal Inflation?
0%
Academic Work 1974 Black Hole Explosions?
0%
Essay Collection 1993 Black Holes and Baby Universes and Other Essays
0%
Academic Work 1972 Black Holes in General Relativity
0%
Foreword 1994 Black Holes & Time Warps: Einstein's Outrageous Legacy
0%
Documentary Mini-Series 2011 Brave New World with Stephen Hawking
0%
Essay 1993 Childhood
0%
Essay 1993 Desert Island Discs: an Interview
0%
Essay 1993 Einstein's Dream
0%
TV Show 2016 Genius by Stephen Hawking
0%
Children's Novel 2011 George and the Big Bang
0%
Children's Novel 2016 George and the Blue Moon
0%
Children's Novel 2014 George and the Unbreakable Code
0%
Children's Novel 2009 George's Cosmic Treasure Hunt
0%
Children's Novel 2007 George's Secret Key to the Universe
0%
Non-Fiction Book 2005 God Created the Integers: The Mathematical Breakthroughs That Changed History
0%
Academic Work 1971 Gravitational Radiation from Colliding Black Holes
0%
Documentary Series 2005 Horizon
0%
Documentary Mini-Series 2010 Into the Universe with Stephen Hawking
0%
Essay 1993 Is Everything Determined?
0%
Essay 1993 Is the End in Sight for Theoretical Physics?
0%
TV Show 2007 Masters of Science Fiction
0%
Memoir 2013 My Brief History
0%
Essay 1993 My Experience with ALS
0%
Essay 1993 My Position
0%
Non-Fiction Book 2002 On the Shoulders of Giants: The Great Works of Physics and Astronomy
0%
Essay 1993 Oxford and Cambridge
0%
Essay 1993 Public Attitudes Toward Science
0%
Documentary Series 2008 Stephen Hawking: Master of the Universe
0%
Documentary Mini-Series 2012 Stephen Hawking's Grand Design
0%
Academic Work 1982 The Development of Irregularities in a Single Bubble Inflationary Universe
0%
Non-Fiction Book 2011 The Dreams That Stuff Is Made Of: The Most Astounding Papers of Quantum Physics and How They Shook the Scientific World
0%
Non-Fiction Book 2002 The Future of Spacetime
0%
Essay 1993 The Future of the Universe
0%
Non-Fiction Book 2010 The Grand Design
0%
Academic Work 1996 The Gravitational Hamiltonian in the Presence of Non-Orthogonal Boundaries
0%
Non-Fiction Book 1997 The Large, the Small and the Human Mind
0%
Non-Fiction Book 1996 The Nature of Space and Time
0%
Essay 1993 The Origin of the Universe
0%
Essay 1993 The Quantum Mechanics of Black Holes
0%
Academic Work 1970 The Singularities of Gravitational Collapse and Cosmology
0%
Academic Work 1983 Wave Function of the Universe
0%
No matching quizzes found
Score Distribution
Percent of People with Each Score
Percentile by Number Answered
Your Score History
You have not taken this quiz